Famous People With George W. Bush - Statistics

General Stats
  • This quiz has been taken 725 times
    674 since last reset
  • The average score is 6 of 12
Answer Stats
Picture Answer % Correct
Vladimir Putin
100%
Angela Merkel
90%
George H. W. Bush
90%
Tony Blair
78%
Benedict XVI
74%
Arnold Schwarzenegger
62%
Shinzō Abe
50%
Hosni Mubarak
22%
Shimon Peres
19%
Jimmie Johnson
9%
Derek Jeter
7%
Barry Larkin
3%
No matching quizzes found
Score Distribution
Percent of People with Each Score
Percentile by Number Answered
Your Score History
You have not taken this quiz since the last reset